| LDR | | 00000nam c2200205 c 4500 |
| 001 | | 000000341217 |
| 005 | | 20260408153046 |
| 007 | | ta |
| 008 | | 260408s2025 ulk r 000af kor |
| 020 | |
▼a 9791194530701
▼g 03830 :
▼c \17000 |
| 040 | |
▼a 248032
▼c 248032
▼d 248032 |
| 041 | 1 |
▼a kor
▼h jpn |
| 049 | 0 |
▼l EM111802 |
| 056 | |
▼a 833.6
▼2 4 |
| 090 | |
▼a 833.6
▼b 스77ㄱ |
| 245 | 20 |
▼a 괴테는 모든 것을 말했다 /
▼d 스즈키 유이 지음 ;
▼e 이지수 옮김 |
| 246 | 11 |
▼a ゲーテはすべてを言った |
| 250 | |
▼a [초판] |
| 260 | |
▼a 서울 :
▼b 리프,
▼c 2025 |
| 300 | |
▼a 245 p. ;
▼c 20 cm |
| 500 | |
▼a 원저자명 : 鈴木結生 |
| 500 | |
▼a 리프는 콘텐츠그룹 포레스트의 문학 임프린트임 |
| 546 | |
▼a 일본어 원작을 한국어로 번역 |
| 586 | |
▼a 아쿠타가와상, 2025 |
| 653 | |
▼a 일본소설
▼a 일본문학
▼a 일본현대문학 |
| 700 | 1 |
▼a 스즈키 유아,
▼e 저 |
| 700 | 1 |
▼a 이지수,
▼e 옮김 |
| 900 | 11 |
▼a 령목결생 |
| 950 | 0 |
▼b \17000 |
| 990 | |
▼a 관리자2
▼b 관리자 |